Normal view
MARC view
Entry Personal Name
001 - CONTROL NUMBER
- control field: 160870
003 - CONTROL NUMBER IDENTIFIER
- control field: OSt
005 - DATE AND TIME OF LATEST TRANSACTION
- control field: 20220923211600.0
008 - FIXED-LENGTH DATA ELEMENTS
- fixed length control field: 220923|| aca||aabn | a|a d
040 ## - CATALOGING SOURCE
- Original cataloging agency: OSt
- Transcribing agency: OSt
100 ## - HEADING--PERSONAL NAME
- Personal name: शर्मा, राम कुमार, ले
670 ## - SOURCE DATA FOUND
- Source citation: Work cat.: (OSt)301006: शर्मा, राम कुमार, ले., संस्कृत साहित्य शोध एवं ज्ञानकोश, 2019
